AGRICULTURAL RESEARCH (Record no. 29863)

MARC details
000 -LEADER
fixed length control field 00229nam a22001217a 4500
003 - CONTROL NUMBER IDENTIFIER
control field SGT
082 ## - DEWEY DECIMAL CLASSIFICATION NUMBER
Item number LAL
100 ## - MAIN ENTRY--PERSONAL NAME
Personal name LAL
245 ## - TITLE STATEMENT
Title AGRICULTURAL RESEARCH
260 ## - PUBLICATION, DISTRIBUTION, ETC. (IMPRINT)
Place of publication, distribution, etc INDIA
Name of publisher, distributor, etc ICAR
Year of Publication 2022
300 ## - PAGE DESCRIPTION
No. of Pages 791
942 ## - ADDED ENTRY ELEMENTS (KOHA)
Source of classification or shelving scheme Dewey Decimal Classification
Koha item type Back Volumes
Holdings
Withdrawn status Lost status Source of classification or shelving scheme Damaged status Not for loan Home library Current library Date acquired SGTU Total Checkouts Full call number Accession No. (Barcode) Date last seen Bill Date Koha item type
    Dewey Decimal Classification   Not For Loan SGT Science & Social Sciences Library SGT Science & Social Sciences Library 18/02/2025 SGTU   LAL AP121 18/02/2025 18/02/2025 Back Volumes